States That Begin & End With a Consonant Quiz Stats

 Plays Quiz Updated Jul 26, 2016

Also try: Rhymes With 'Bank'
Challenge
Share
Tweet
Embed
Score 0/12 Timer 02:00
9 Plays Today
State % Correct
New York
87.6%
Texas
87.1%
Washington
86.9%
Vermont
78.3%
Michigan
77.2%
Connecticut
74.4%
Kansas
73.2%
Wyoming
72.7%
Wisconsin
71.4%
Massachusetts
71.3%
Maryland
68.3%
Rhode Island
66%

You're not logged in!

Compare scores with friends on all Sporcle quizzes.
OR
Log In

You Might Also Like...

Show Comments

Extras

Top Quizzes Today


Score Distribution

Your Account Isn't Verified!

In order to create a playlist on Sporcle, you need to verify the email address you used during registration. Go to your Sporcle Settings to finish the process.

Report this User

Report this user for behavior that violates our Community Guidelines.

Details: